[Event "Charlotte Spring GM Invitational 2021"]
[Site "Charlotte"]
[Date "2021.03.18"]
[Round "1.1"]
[White "Belous, Vladimir"]
[Black "Wang, Kevin"]
[Result "1-0"]
[WhiteElo "2521"]
[BlackElo "2402"]
[Annotator "TA"]
[PlyCount "99"]
[EventDate "2021.03.17"]
[EventType "tourn"]
[EventCountry "USA"]
[SourceTitle "playchess.com"]
[Source "ChessBase"]
[SourceQuality "1"]

{[%evp 15,99,7,6,-45,-39,-50,-58,-83,-82,-80,-76,-77,-92,-85,-18,-50,-33,-114,-122,-111,-112,-89,-61,-148,-107,-91,-95,-75,-96,-118,-84,-75,-56,-77,34,28,33,17,17,27,31,18,28,15,44,43,43,43,43,52,72,0,1,1,12,0,0,0,111,113,185,185,179,179,178,178,218,178,235,231,206,153,149,139,251,251,381,236,412,412,438,385,549,527,717,685]} 1. c4 e6 2. Nc3 d5 3. d4 c6 4. Nf3 Nf6 5. g3 dxc4 6. Bg2 Nbd7 7. O-O Be7 8. e4 O-O 9. Qc2 {E07: Closed Catalan: Main Line (5 Nf3 0-0 6 0-0 Nbd7).} (9. a4 $11) 9... b5 $15 10. Rd1 Bb7 {[#]} 11. h4 $146 {Black is slightly better.} ({Predecessor:} 11. Bf4 Qb6 12. Rac1 Rfe8 13. h3 c5 14. d5 exd5 15. Nxd5 Bxd5 16. exd5 Bd6 17. Bxd6 Qxd6 {0-1 (28) Salman,P (2288)-Shinkevich,V (2467) Samara 2017}) 11... h6 12. Bf4 Qb6 13. b3 cxb3 $1 14. axb3 Rfe8 (14... a5 $17) 15. Nh2 Bf8 16. g4 ({White should try} 16. e5 $1 $15 Nd5 17. Qd3) 16... e5 $17 17. dxe5 Nxe5 18. Be3 c5 19. f3 (19. g5 $15 Nfg4 20. Nxg4 Nxg4 21. Bf4) 19... b4 20. Na4 Qc7 21. g5 hxg5 22. hxg5 Nh5 23. Nxc5 Rac8 {[%cal Rf8c5]} 24. Rac1 $1 {[#]} Bxc5 (24... Nf4 $1 $17 {Hoping for ...Bxc5.} 25. Bxf4 (25. Qf2 Nxg2) 25... Qxc5+ 26. Qxc5 Bxc5+ 27. Kh1 Ng6) 25. Qxc5 $14 Qxc5 26. Rxc5 Rxc5 27. Bxc5 a5 28. Bb6 Ra8 29. Bc7 Nc6 30. Bh3 a4 31. bxa4 Rxa4 32. Bg4 g6 {[#]} 33. Rb1 ({Better is} 33. Bd7 $1 $16) 33... Nd4 $11 34. Bd6 $36 {[%mdl 2048] White is more active.} b3 35. Bxh5 gxh5 36. Be5 Ne2+ (36... Bc8 $11 {remains equal.}) 37. Kf2 $16 Ra2 (37... Ra5 $16) 38. Ke3 $18 Ba6 39. Rxb3 {White threatens Rb8+ and mate.} Kf8 40. Rb6 {And now Bf6 would win.} Bc4 41. Bf6 {[%cal Rb6b8]} Ra3+ (41... Ke8 {might work better.} 42. Rd6 Ra8) 42. Kf2 {[%cal Rb6b8]} Ra8 43. Rc6 Bb5 44. Rc5 Ba6 {[#]} (44... Ra2 $16 45. Rc8+ Be8) 45. Be5 $1 Ke7 (45... Re8 {is a better defense.} 46. f4 h4) 46. Rc7+ Ke6 $2 (46... Ke8 47. Nf1 Bb5) 47. f4 Bd3 48. Nf3 {[%csl Ge4][%cal Rf4f5]} Bxe4 (48... Nxf4 $142 49. Bxf4 Bxe4 50. Nd4+ Kd5 51. Rd7+ (51. Rxf7 Kxd4 52. Rd7+ Bd5 $11) 51... Kc4) 49. Kxe2 Ra2+ 50. Ke3 {Weighted Error Value: White=0.18/Black=0.39} 1-0

[Event "Charlotte Spring GM Invitational 2021"]
[Site "Charlotte"]
[Date "2021.03.18"]
[Round "1.3"]
[White "Mishra, Abhimanyu"]
[Black "Ostrovskiy, Aleksandr"]
[Result "1/2-1/2"]
[WhiteElo "2370"]
[BlackElo "2431"]
[Annotator "TA"]
[PlyCount "76"]
[EventDate "2021.03.17"]
[EventType "tourn"]
[EventCountry "USA"]
[SourceTitle "playchess.com"]
[Source "ChessBase"]
[SourceQuality "1"]

{[%evp 10,76,33,14,22,11,29,23,27,22,30,20,37,12,20,16,22,20,53,67,51,30,38,31,96,14,23,28,25,30,34,19,25,0,0,1,13,6,36,43,49,10,108,95,112,64,65,66,74,70,101,81,85,9,9,9,9,9,16,0,0,0,0,0,0,0,0,0,0]} 1. d4 d5 2. c4 c6 3. Nc3 Nf6 4. e3 Bf5 5. cxd5 cxd5 6. Qb3 Nc6 $1 {[%mdl 4] is more profitable than 6...Bc8 at the moment. D10: Slav Defence: 3 cxd5 (without early Nf3) and 3 Nc3.} 7. Qxb7 Bd7 $1 {Black wants to play ...Rb8.} 8. Qb3 Rb8 {White has an edge.} 9. Qd1 e5 10. dxe5 Nxe5 11. Be2 (11. Nge2 {feels hotter.} Bc5 12. Nd4 O-O 13. Be2 Bb4 14. Bd2) 11... Bd6 12. Nf3 Nxf3+ 13. Bxf3 O-O 14. O-O $1 Qc7 15. h3 Rfd8 16. Qe2 Bh2+ 17. Kh1 Be5 $1 {[%cal Re5c3]} 18. Rd1 {[#]} ({Don't go for} 18. Nxd5 $2 Nxd5 19. Qe1 Nb4 $19) 18... Bc6 $146 ({Predecessor:} 18... Be6 19. Kg1 Bh2+ 20. Kh1 Be5 21. Kg1 Bh2+ {½-½ (21) Bluebaum,M (2519)-Feuerstack,A (2452) Lueneburg 2014}) 19. a4 {[%cal Ba2a4,Ba4b5][%mdl 32]} Ne4 20. Nb5 Qe7 21. Ra3 h6 22. Kg1 g6 23. Ra2 Bxb5 24. axb5 Qc5 25. Ra4 Nf6 (25... Rdc8 $11 26. Bd2 Bxb2) 26. b4 $16 Qe7 27. Bb2 Bxb2 28. Qxb2 Rxb5 29. Qd4 Rd7 30. Rda1 Kg7 31. Rxa7 (31. Be2 $16 Rbb7 32. Bd3) 31... Rxa7 $11 {The position is equal.} 32. Rxa7 Qxb4 33. Qe5 Rb7 34. Ra6 (34. Rxb7 {looks sharper.} Qxb7 35. Qd4 Qb1+ 36. Bd1 Qa2 37. g4) 34... Qb1+ 35. Kh2 Qb2 36. Qxb2 Rxb2 37. Kg1 Rb1+ 38. Kh2 Rb2 {Weighted Error Value: White=0.11/Black=0.09} 1/2-1/2

[Event "Charlotte Spring GM Invitational 2021"]
[Site "Charlotte"]
[Date "2021.03.18"]
[Round "1.4"]
[White "Sinha, Sahil"]
[Black "Hilby, Craig"]
[Result "1-0"]
[WhiteElo "2353"]
[BlackElo "2454"]
[Annotator "TA"]
[PlyCount "69"]
[EventDate "2021.03.17"]
[EventType "tourn"]
[EventCountry "USA"]
[SourceTitle "playchess.com"]
[Source "ChessBase"]
[SourceQuality "1"]

{[%evp 23,69,0,0,-4,-7,-43,-27,-37,-37,-61,65,-31,-35,-168,-164,-206,-214,-217,-91,-86,0,0,-12,-26,0,-33,9,22,107,97,83,95,321,278,29983,29984,29984,29985,29985,29986,29986,29987,29987,29988,29988,29989,29989,29990]} 1. d4 d5 2. c4 e6 3. Nc3 c6 4. e3 Nf6 5. Nf3 Nbd7 6. Qc2 Bd6 7. b3 O-O 8. Be2 b6 9. O-O Bb7 10. Bb2 Qe7 11. Rad1 Rad8 12. Rfe1 Rfe8 13. h3 {D45: Semi-Slav: 5 e3.} c5 {[#] The old main line.} 14. Ba1 $146 ({Predecessor:} 14. cxd5 exd5 15. Nh4 Qe6 16. Nf5 Bf8 17. Ng3 a6 18. dxc5 bxc5 19. Na4 Bc6 20. Nc3 Bb7 21. Na4 Bc6 22. Nc3 Bb7 {½-½ (22) Kribben,M (2665)-Chytilek,R (2688) ICCF email 2017}) 14... a6 15. Qb2 {Black has an edge.} cxd4 16. exd4 Ne4 (16... Nh5 $15) 17. Nxe4 (17. c5 $1 $14 Bc7 18. c6 Bxc6 19. Nxe4) 17... dxe4 $15 18. Ne5 (18. d5 $1 $15 e5 19. Nh2) 18... Nxe5 $1 $19 19. dxe5 Bc5 {Threatens to win with ...Qg5.} 20. Bg4 g6 (20... a5 $19 {has better winning chances.} 21. Qe2 g6) 21. Rd6 $17 {Black must now prevent b4.} Qg5 (21... e3 $17 22. Rxe3 h5) 22. b4 $11 Bxd6 23. exd6 {[%csl Ga1][%cal Rb2h8]} e5 24. c5 f5 25. Bd1 f4 {[#]} (25... Kg7 $11 {keeps the balance.}) 26. Ba4 $1 $16 {And now c6 would win.} f3 {[%csl Gf3][%cal Rg5g2]} 27. g3 {Strongly threatening c6.} Qh5 $2 (27... b5 $16 {keeps fighting.} 28. Bc2 Qf5) 28. Bxe8 $18 Qxh3 $2 (28... Rxe8 $18 29. d7 Rd8 30. Qb3+ (30. Qxe5 Qxe5 31. Bxe5 bxc5 $11) (30. cxb6 {is a self mate.} Qxh3 31. Qb3+ Kf8 32. Qg8+ Kxg8 33. Bxe5 Qg2#) 30... Kf8) 29. Qb3+ {White mates.} Kg7 30. Bxe5+ ({Not} 30. Qf7+ $2 Kh6 $19) 30... Kh6 {[#]} 31. Bf4+ $1 g5 {[#]} 32. Bxg5+ $1 Kxg5 33. Qg8+ Kf6 34. Qf7+ Ke5 35. Qg7+ {Quite a comeback for White.  Weighted Error Value: White=0.17/Black=0.59} 1-0

[Event "Charlotte Spring GM Invitational 2021"]
[Site "Charlotte"]
[Date "2021.03.18"]
[Round "1.5"]
[White "Prohaszka, Peter"]
[Black "Gauri, Shankar"]
[Result "1/2-1/2"]
[WhiteElo "2581"]
[BlackElo "2353"]
[Annotator "TA"]
[PlyCount "38"]
[EventDate "2021.03.17"]
[EventType "tourn"]
[EventCountry "USA"]
[SourceTitle "playchess.com"]
[Source "ChessBase"]
[SourceQuality "1"]

{[%evp 9,38,-4,26,0,4,-12,0,-4,0,-13,0,0,0,0,-12,-5,8,8,14,-19,8,4,23,0,6,-15,-12,-35,-43,-63,-70]} 1. d4 Nf6 2. Nf3 e6 3. Bf4 d5 4. e3 Bd6 5. Bg3 c5 6. Nbd2 {D02: 1 d4 d5 2 Nf3 sidelines, including 2...Nf6 3 g3 and 2...Nf6 3 Bf4.} O-O 7. c3 Qc7 8. dxc5 {The position is equal.} Qxc5 9. Bd3 Nbd7 10. e4 {[#] aiming for e5.} dxe4 11. Nxe4 Nxe4 12. Bxe4 Be7 {[#]} 13. Bd3 $146 ({Predecessor:} 13. Bc2 Nf6 14. Qe2 Bd7 15. a4 Bc6 16. O-O Qh5 17. Bd1 Rfd8 18. Nd4 Qxe2 19. Bxe2 {1-0 (64) Djordjevic,V (2347)-Stankovic,M (2455) Backa Palanka 2020}) 13... Nf6 14. Qc2 Bd7 15. O-O Rfd8 16. b4 Qc8 17. Ne5 Be8 18. Rfd1 h6 19. Bh4 Qc7 {Weighted Error Value: White=0.13/Black=0.07} 1/2-1/2

[Event "Charlotte Spring GM Invitational 2021"]
[Site "Charlotte"]
[Date "2021.03.18"]
[Round "2.1"]
[White "Belous, Vladimir"]
[Black "Ringoir, Tanguy"]
[Result "1/2-1/2"]
[WhiteElo "2521"]
[BlackElo "2474"]
[Annotator "TA"]
[PlyCount "70"]
[EventDate "2021.03.17"]
[EventType "tourn"]
[EventCountry "USA"]
[SourceTitle "playchess.com"]
[Source "ChessBase"]
[SourceQuality "1"]

{[%evp 9,70,11,19,6,12,14,14,18,14,12,19,25,22,8,13,-2,32,31,19,0,8,22,7,16,16,15,29,35,24,21,43,36,29,0,0,-16,0,0,0,0,0,0,0,0,0,0,0,0,0,0,0,0,0,0,0,0,0,0,0,0,0,0,0]} 1. c4 e5 2. g3 c6 3. Nf3 e4 4. Nd4 d5 5. cxd5 Qxd5 6. Nc2 {A20: English Opening: 1...e5.} Nf6 7. Nc3 Qe5 8. Bg2 Be7 9. Ne3 Na6 {[%cal Bb8a6,Ba6b4,Bb4d5,Bd5e3][%mdl 32]} 10. Qc2 Nb4 11. Qb1 {[%cal Rc3e4]} Be6 {[#]} 12. O-O $146 ({Predecessor:} 12. b3 Nbd5 13. Bb2 Nxe3 14. fxe3 Bf5 15. O-O Qe6 16. Rf4 Bd6 17. Rxf5 Qxf5 18. Nxe4 Nxe4 19. Bxe4 {½-½ (59) Hammer,J (2651)-Navara,D (2742) Novy Bor 2016}) 12... h5 13. a3 Nbd5 14. Nxe4 Nxe3 15. d4 Qxd4 16. Bxe3 Qe5 17. Bf4 Qf5 18. Nd6+ Bxd6 19. Bxd6 h4 20. Qxf5 Bxf5 21. gxh4 Rxh4 {The position is equal.} 22. Rfd1 Bc2 23. Rdc1 Be4 24. f3 Bf5 25. b4 a6 26. Rd1 Bh3 27. e4 Bxg2 28. Kxg2 Rh5 29. Rd2 Rd8 30. Rad1 a5 31. Rd4 (31. Kg3 {is more complex.} axb4 32. axb4 Rg5+ 33. Kf4 Rb5 34. Kg3) 31... axb4 32. axb4 Nd5 {[#] aiming for ...Ne3+.} 33. exd5 Rxd6 34. dxc6 Rxd4 35. Rxd4 {c7 would kill now.} bxc6 {Weighted Error Value: White=0.03/Black=0.03} 1/2-1/2

[Event "Charlotte Spring GM Invitational 2021"]
[Site "Charlotte"]
[Date "2021.03.18"]
[Round "2.2"]
[White "Hilby, Craig"]
[Black "Prohaszka, Peter"]
[Result "1/2-1/2"]
[WhiteElo "2454"]
[BlackElo "2581"]
[Annotator "TA"]
[PlyCount "66"]
[EventDate "2021.03.17"]
[EventType "tourn"]
[EventCountry "USA"]
[SourceTitle "playchess.com"]
[Source "ChessBase"]
[SourceQuality "1"]

{[%evp 15,66,17,22,13,11,9,10,15,14,16,16,19,16,0,0,-12,-7,-22,17,20,45,19,15,0,0,0,0,0,0,-22,0,0,0,0,-4,-16,-15,-14,0,-16,-14,-73,-57,-51,0,0,0,0,0,-43,-33,-43,-43]} 1. d4 d5 2. c4 c6 3. Nf3 Nf6 4. Nc3 dxc4 5. a4 Bf5 6. Ne5 Nbd7 7. Nxc4 Nb6 8. Ne5 a5 9. h4 {D17: Slav Defence: 5 a4 Bf5: Lines with 6 Nh4 and 6 Ne5.} h6 10. f3 Nfd7 11. e4 {The position is equal.} Bh7 12. Nd3 e6 13. Be3 Bd6 14. Qb3 Bg3+ {[#]} 15. Ke2 $146 ({Predecessor:} 15. Nf2 O-O 16. O-O-O Bxf2 17. Bxf2 Qe7 18. Bd3 Rac8 19. Bc2 Qd6 20. Kb1 Qc7 21. g4 {1-0 (38) Parligras,M (2586)-Das,S (2411) Al Ain 2015}) 15... O-O 16. f4 Kh8 17. h5 Rb8 18. Kf3 Bh4 19. Be2 Nc8 {[%cal Bb6c8,Bc8d6,Bd6e8,Be8c7,Bc7a6][%mdl 32]} 20. g3 Be7 21. Rhd1 Nd6 22. e5 (22. Bf2 {is interesting.} b5 23. e5 Nf5 24. axb5 cxb5 25. Nxb5 Qc8 26. Rxa5 Nb6 27. Na7) 22... Ne8 (22... Nf5 {looks sharper.} 23. Bf2 Rg8 24. Kg2 Nb6 25. Ne1 g5) 23. Rac1 Nc7 24. Kf2 Na6 25. Na2 Be4 26. Nc3 Bh7 27. Na2 Nb6 28. Kf1 (28. Nc3 $11 {keeps the balance.}) 28... Nd5 $17 29. Bf2 Qc7 ({Black should try} 29... g5 $15) 30. Nc3 $11 Qd7 31. Nxd5 exd5 32. g4 f5 33. exf6 $1 Bxf6 {Weighted Error Value: White=0.10/Black=0.06} 1/2-1/2

[Event "Charlotte Spring GM Invitational 2021"]
[Site "Charlotte"]
[Date "2021.03.18"]
[Round "2.3"]
[White "Ostrovskiy, Aleksandr"]
[Black "Sinha, Sahil"]
[Result "1/2-1/2"]
[WhiteElo "2431"]
[BlackElo "2353"]
[Annotator "TA"]
[PlyCount "42"]
[EventDate "2021.03.17"]
[EventType "tourn"]
[EventCountry "USA"]
[SourceTitle "playchess.com"]
[Source "ChessBase"]
[SourceQuality "1"]

{[%evp 9,42,10,19,16,20,25,22,14,31,29,23,12,17,20,33,37,68,41,62,33,31,38,62,65,62,61,131,22,2,0,13,-13,-17,-5,0]} 1. e4 c5 2. Nf3 d6 3. Bb5+ Nd7 4. a4 a6 5. Be2 Ngf6 6. Nc3 {B51: Sicilian: Moscow Variation (3 Bb5+) without 3...Bd7.} b6 7. d4 cxd4 8. Qxd4 Bb7 9. O-O e6 10. Rd1 Qc7 11. Be3 Be7 12. Nd2 $1 {[#]} d5 $146 ({Predecessor:} 12... O-O 13. Nc4 d5 14. exd5 Nxd5 15. Nxd5 Bxd5 16. Bf4 Qb7 17. Nd6 Bxd6 18. Bxd6 Rfc8 {1-0 (42) Carlsen,M (2863)-Wei,Y (2732) chess24.com INT 2020}) 13. exd5 Bc5 14. Qf4 Bd6 15. Qh4 {Strongly threatening dxe6.} Nxd5 16. Nxd5 Bxd5 17. Nc4 Bc5 (17... Be7 $14 18. Qg3 Qxg3 19. hxg3 (19. fxg3 Rc8 $11) 19... Bc5) 18. Qf4 (18. Bf4 $16 Qc6 19. Qg3) 18... Qxf4 $11 {The position is equal.} 19. Bxf4 Ke7 20. Ne5 Nxe5 21. Bxe5 Rhd8 {Weighted Error Value: White=0.19/Black=0.09} 1/2-1/2

[Event "Charlotte Spring GM Invitational 2021"]
[Site "Charlotte"]
[Date "2021.03.18"]
[Round "2.4"]
[White "Yip, Carissa"]
[Black "Mishra, Abhimanyu"]
[Result "1-0"]
[WhiteElo "2423"]
[BlackElo "2370"]
[Annotator "TA"]
[PlyCount "101"]
[EventDate "2021.03.17"]
[EventType "tourn"]
[EventCountry "USA"]
[SourceTitle "playchess.com"]
[Source "ChessBase"]
[SourceQuality "1"]

{[%evp 9,101,26,39,0,1,15,1,0,0,0,0,0,5,6,0,-17,-10,-27,-29,-17,-22,-10,-7,-66,25,0,-18,-5,0,-5,0,0,0,0,0,-201,0,-195,-208,-336,-337,-410,-239,-227,-178,-162,-122,-125,-121,-105,71,76,105,0,1543,67,249,278,287,222,198,118,115,116,129,125,29970,29971,29971,29972,29974,29975,29975,29976,29975,29976,29975,29976,29979,29974,29973,29974,29966,6474,29977,29979,29978,29971,29993,29987,29987,29988,29987,29979]} 1. e4 c5 2. Nf3 d6 3. d4 cxd4 4. Nxd4 Nf6 5. Nc3 a6 6. h4 {B90: Sicilian Najdorf: Unusual White 6th moves, 6 Be3 Ng4 and 6 Be3 e5.} e5 7. Nb3 Be7 8. Bg5 {The position is equal.} Be6 {8...Be6 scores better than 8...Nbd7.} 9. Bxf6 Bxf6 10. g3 Be7 11. Bh3 O-O 12. Bxe6 fxe6 13. Qg4 Rf6 14. O-O-O Nc6 15. f4 b5 16. a3 {[#]} (16. Kb1 $11) 16... Qf8 $146 ({Better is} 16... Qb6 $1 $15) ({Predecessor:} 16... Qc8 17. Rhf1 b4 18. axb4 Nxb4 19. fxe5 dxe5 20. Rxf6 Bxf6 21. Rd6 Kf7 22. Qd1 Ra7 {½-½ (32) Yip,C (2279)-Huang,Q (2441) Astana 2019}) 17. Rhf1 Rb8 18. Qh3 a5 {[%cal Re5f4]} 19. f5 a4 20. Nd2 b4 21. axb4 Nxb4 22. Ndb1 $2 (22. fxe6 $11 Qc8 23. Ndb1) 22... Qc8 $2 (22... d5 $1 $19 {[%cal Rd5d4] Threatens to win with ...d4.} 23. g4 dxe4) 23. g4 $2 (23. fxe6 $11 {and White has nothing to worry.} Qc4 24. Rxf6 Bxf6 25. Rxd6) 23... Rh6 $19 24. Qe3 (24. Qg2 $142 Rxh4 25. g5 exf5 26. exf5) 24... Rxh4 25. g5 Rh2 (25... exf5 $142 26. Rxf5 Qb7) 26. Rd2 Qc4 27. Rg1 Na2+ 28. Nxa2 Rxd2 29. Kxd2 {aiming for f6.} Qxa2 $2 (29... d5 $1 $17 {[%cal Rd5e4] keeps the pressure on.} 30. Qc3 Qxa2 31. Qxe5 Qxb2 32. Qxb2 (32. Qxe6+ $2 Kh8 $19) 32... Rxb2) 30. f6 $1 $16 {Black must now prevent Na3.} Bf8 ({Of course not} 30... Rxb2 31. Na3 $11) 31. Na3 ({Much weaker is} 31. f7+ $6 Kh8 $11) (31. g6 $1 $16 Rxb2 32. Na3) 31... Rc8 $2 {[%mdl 8192]} (31... Qxb2 $2 32. Rb1 $18) (31... Rb7 $11 32. fxg7 Bxg7) 32. Qh3 $2 (32. Qb6 $1 $18) 32... Rc7 $2 (32... Kh8 $1 $14) 33. g6 $1 $18 hxg6 {[#]} 34. Rh1 $1 {White wants to mate with Qh8+.} Qxb2 {[#] And now ...Kf7 would win.} 35. Qh7+ ({White should try} 35. Qh8+ $1 $18 Kf7 36. fxg7 Qb4+ 37. Kd1 Qd4+ 38. Kc1 Qe3+ 39. Kb1 Rb7+ 40. Ka2 Bxg7 41. Rf1+ Qf4 42. Qh1) 35... Kf7 $16 36. fxg7 $40 {[%mdl 128] Intending Rf1+ and mate. White wants a kill.} Qb4+ ({But not} 36... Bxg7 $2 37. Rf1+ Ke8 38. Qg8+ Kd7 39. Rf7+ Kc6 40. Qa8+ Qb7 41. Qxa4+ Kb6 42. Qb3+ Kc6 43. Qa4+ Kb6 44. Nc4+ Kc5 45. Qa3+ Qb4+ 46. Qxb4+ Kxb4 47. Rxc7 $18) 37. Kd1 {Rf1+ would kill now.} Bxg7 $2 {[%mdl 8192]} (37... Qd4+ $16 38. Kc1 Qa1+ 39. Nb1 Bxg7) 38. Rf1+ Ke8 39. Qg8+ {[%mdl 64] Double Attack} Kd7 40. Rf7+ {[%mdl 64] Double Attack} Kc6 41. Qa8+ Qb7 42. Qxa4+ Kb6 43. Rf3 Rc6 44. Rb3+ {[%mdl 64] Skewer} Kc7 45. Rxb7+ Kxb7 46. Qb3+ {[%mdl 64] Double Attack} Rb6 47. Qxe6 {White mates.} Bh6 48. Nc4 Rc6 49. Na5+ Kb6 50. Nxc6 Kxc6 51. Qxg6 {Weighted Error Value: White=0.42/Black=0.45} 1-0

[Event "Charlotte Spring GM Invitational 2021"]
[Site "Charlotte"]
[Date "2021.03.18"]
[Round "2.5"]
[White "Wang, Kevin"]
[Black "Gauri, Shankar"]
[Result "1/2-1/2"]
[WhiteElo "2402"]
[BlackElo "2353"]
[Annotator "TA"]
[PlyCount "46"]
[EventDate "2021.03.17"]
[EventType "tourn"]
[EventCountry "USA"]
[SourceTitle "playchess.com"]
[Source "ChessBase"]
[SourceQuality "1"]

{[%evp 13,46,-29,-23,-18,0,-11,-5,-19,-20,-12,0,-12,-19,-82,-79,-81,-71,-89,-70,-71,-71,-90,-14,-89,-104,-164,-159,-166,-114,-137,0,-136,0,-152,0]} 1. e4 e5 2. Nc3 Nf6 3. f4 d5 4. fxe5 Nxe4 5. Qf3 f5 6. d3 Nxc3 7. bxc3 d4 $1 8. Qg3 {C29: Vienna Game: 2...Nf6 3 f4.} Nc6 9. Be2 $1 {[%cal Re2h5] Black must now prevent Bh5+.} Be6 (9... dxc3 10. Bh5+ Kd7 11. Bf7 $18) 10. Bf3 {The position is equal.} Qd7 11. Ne2 Bc5 {[#]} 12. Bxc6 $146 ({Predecessor:} 12. c4 O-O 13. Nf4 Nxe5 14. Bxb7 Rae8 15. O-O c6 16. Rb1 Bf7 17. Ba6 Ng4 18. Rb7 {0-1 (27) White,A (1800)-Sapronov,V (1984) IECG email 2003}) 12... Qxc6 13. O-O ({Avoid the trap} 13. Nxd4 $2 Bxd4 14. Bd2 Bxc3 $19) (13. c4 $11 {remains equal.}) 13... dxc3+ $17 14. Be3 {[#]} O-O-O $1 15. Qf2 Bxe3 16. Qxe3 Kb8 17. a4 Bc8 (17... Rhe8 $17) 18. Ra3 (18. Nd4 $11 Qb6 19. Nxf5) 18... Rhe8 19. Rxc3 (19. d4 $17) 19... Qxa4 $19 20. Rc4 {[#]} Qa5 (20... Qb5 $1 $19 21. Ra1 a6) 21. Rc5 Qa4 22. Rc4 Qa5 23. Rc5 Qa4 $2 {Weighted Error Value: White=0.19/Black=0.27} (23... Qa3 $17 24. Rc3 Qe7) 1/2-1/2

[Event "Charlotte Spring GM Invitational 2021"]
[Site "Charlotte"]
[Date "2021.03.19"]
[Round "3.1"]
[White "Mishra, Abhimanyu"]
[Black "Belous, Vladimir"]
[Result "1-0"]
[WhiteElo "2370"]
[BlackElo "2521"]
[Annotator "TA"]
[PlyCount "37"]
[EventDate "2021.03.17"]
[EventType "tourn"]
[EventCountry "USA"]
[SourceTitle "playchess.com"]
[Source "ChessBase"]
[SourceQuality "1"]

{[%evp 9,37,36,42,42,44,45,56,33,37,58,41,49,58,62,59,35,184,175,262,266,261,254,256,259,264,252,488,495,671,649]} 1. d4 Nf6 2. c4 c5 3. d5 b5 4. cxb5 a6 5. bxa6 g6 6. Nc3 {A58: Benko/Volga Gambit: Lines with 5 bxa6.} Bg7 7. e4 {a7 is the strong threat.} O-O 8. Bc4 {[#] White is slightly better.} Qa5 $146 ({Predecessor:} 8... Bxa6 9. Bxa6 Nxa6 10. Nge2 Qb6 11. O-O d6 12. Kh1 Rfb8 13. Ng3 Kh8 14. f3 Nc7 {1-0 (52) Kurajan,R-Vasilenko,D (2348) Nikolaev 2001}) 9. a7 Rxa7 10. Bd2 {Strongly threatening e5.} Ba6 11. b3 $36 {[%mdl 2048] White has the initiative.} Bxc4 12. bxc4 {aiming for e5.} Qb4 {[#] Black cannot hold the game after this.} (12... Qa6 $14) 13. e5 $1 $18 {[%cal Re5f6]} Nh5 (13... Ne4 $142 14. Nxe4 {[%mdl 64] Discovered Attack} Qxc4) 14. Nb5 {[%mdl 64] Discovered Attack} Qxc4 15. Nxa7 Bxe5 16. Rc1 Qxa2 {[#]} 17. Nf3 $1 Bb2 {[#]} (17... Bg7 {might work better.} 18. Nb5 (18. Rxc5 Qxa7 19. Ra5 Qb7 $18) 18... Qxd5) 18. Rc2 $1 Qb3 (18... Qxa7 19. Rxb2) 19. Qb1 {Weighted Error Value: White=0.02/Black=0.47} 1-0